00830nam a2200205 a 45000010005000000030005000050050017000100080041000270400020000682450065000882600039001533000011001924900047002035000234002506500028004846500028005126500036005406500030005767000018006062515CDMR20131209133603.0130130s1971||||||||||||||||||||||||||||d aCDMRbcatcCDMR00aLenguaje y comunicación socialcEliseo Verón... [et al.] aBuenos Airesc1971bNueva Visión a228 p.0 aLenguaje y comunicación (Nueva Visión) aTreballs del simposi, celebrat al Centro de Investigaciones Sociales del Instituto Torcuato di Tella, del 23 al 25 d'octubre de 1967, sota el títol "Teoría de la comunicación y modelos lingüísticos en ciencias sociales"04aLlenguatge i llengües04aComunicació no verbal04aComunicacióxAspectes socials04aComunicacióxCongressos1 aVeron, Eliseo